Microbiology: Basic principles (Record no. 394103)

MARC details
000 -LEADER
fixed length control field 00450 a2200181 4500
005 - DATE & TIME
control field 20260121163515.0
008 - FIXED-LENGTH DATA ELEMENTS--GENERAL INFORMATION
fixed length control field 260121b |||||||| |||| 00| 0 eng d
020 ## - ISBN
International Standard Book Number 9798898486051
Price $ 150.00
040 ## - CATALOGING SOURCE
Original cataloging agency VIVEKANANDA LIBRARY
082 ## - DDC NUMBER
Classification number 579
Book Number I9M
100 ## - MAIN ENTRY--PERSONAL NAME
Personal name Irving, Bird
245 ## - TITLE STATEMENT
Title Microbiology: Basic principles
260 ## - PUBLICATION, DISTRIBUTION, ETC. (IMPRINT)
Name of publisher, distributor, etc Cell Publishing
Date of publication, distribution, etc 2026
Place of publication, distribution, etc Wyoming
300 ## - PHYSICAL DESCRIPTION
Pages 360
650 ## - Subject
Subject Microbiology
650 ## - Subject
Subject Micro-organisms
942 ## - ADDED ENTRY ELEMENTS (KOHA)
Koha item type Books
Holdings
Withdrawn status Lost status Source of classification or shelving scheme Damaged status Not for loan Location (home branch) Sublocation or collection (holding branch) Shelving location Date acquired Koha issues (times borrowed) Koha full call number Accession No. Koha date last seen Koha item type
    Dewey Decimal Classification     VIVEKANANDA LIBRARY VIVEKANANDA LIBRARY Vivekananda Library 05/01/2026   579 I9M 444197 05/01/2026 Books
© Designed and Maintained by Vivekananda Library, MDU Rohtak